Tate McRae - TOO YOUNG TO BE SAD - Statistics

General Stats
  • This quiz has been taken 40 times
  • The average score is 5 of 6
Answer Stats
2021 TOO YOUNG TO BE SAD % Correct
5 you broke me first
97%
2 rubberband
88%
6 wish i loved you in the 90s
88%
4 r u ok
73%
1 bad ones
70%
3 slower
70%
No matching quizzes found
Score Distribution
Percent of People with Each Score
Percentile by Number Answered
Your Score History
You have not taken this quiz